000 00410nam a22001457a 4500
999 _c7528
_d7526
005 20210306111221.0
008 210306b ||||| |||| 00| 0 eng d
082 _a346.066
100 _aAIYAR, A.N.
_96466
245 _aREPORTS OF COMPANY CASES INCLUDING CASES OF BANKING AND INSURENCE [VOL-25]
260 _aMADRAS
_bTHE COMPANY LAW INSTITUTE
_c1955
300 _aI-96,P
650 _aLAW
_95701
942 _cJRL